Statistics for Fifth Harmony: Who sings? "Dope"

Click here to take the quiz!

General Stats

  • This quiz has been taken 48 times
  • The average score is 58 of 59

Answer Stats

LyricSinger% Correct
New Jersey tongue, not sayin' too muchCamila
100%
That east coastin' babe, is driving me crazyCamila
100%
Just like it's supposed to doCamila
100%
With hands that could save me, face that could break meCamila
100%
Sorta in love with youCamila
100%
But I wouldn't say that to youCamila
100%
I'm feelin' your attitudeCamila
100%
And now I'm tryna find the wordsDinah
100%
To tell you how I feel and show you that it's realDinah
100%
And now I'm tryna find the words, noDinah
100%
But you're pretty... do-o-ope, oh, just so you knowLauren
100%
But you're pretty... dopeLauren
100%
I don't know what else to sayLauren
100%
No, woah, (uh-huh)Lauren
100%
That I wanna hold you close, just so you knowLauren
100%
I don't know what else to sayLauren
100%
I've been thinkin' about waysLauren
100%
But you're pretty... dope, just so you knowLauren
100%
I don't know what else to sayLauren
100%
Do you got a girlfriend 'cuz if you don't,Normani
100%
Then, I'm coming after youNormani
100%
Don't wanna be selfish but I can't help itNormani
100%
I'm wanting more of youNormani
100%
I know I'm cool as..., you want more of itNormani
100%
This much I know is trueNormani
100%
But I wouldn't say that to youCamila
98%
And now I'm tryna find the words, noDinah
98%
To tell you how I feel and show you that it's realDinah
98%
And now I'm tryna find the wordsDinah
98%
Do you already know?Dinah
98%
Do you already know?Dinah
98%
Do you know what I think about you? Ooh, hooh-ooh.Ally
96%
And all the ways that you make me feelAlly
96%
What I think about youAlly
96%
Do you know what I think about you? Ooh, hooh-ooh.Ally
96%
And all the ways that you make me feelAlly
96%
What I think about youAlly
96%
Do you already know?Dinah
96%
(Do you already know?)Dinah
96%
Do you already know?Dinah
96%
Do you already know?Dinah
96%
Do you already know?Dinah
96%
But you're pretty... dope, just so you knowLauren
96%
But you're pretty... dope, just so you knowLauren
96%
I don't know what else to sayLauren
96%
But you're pretty... dope, just so you knowLauren
96%
I don't know what else to sayLauren
96%
But you're pretty... dopeLauren
96%
I don't know what else to sayLauren
96%
I've been thinkin' about waysLauren
96%
That I wanna hold you close, just so you knowLauren
96%
I don't know what else to sayLauren
96%
But you're pretty... do-o-ope, oh, just so you knowLauren
96%
No, woah, (uh-huh)Lauren
96%
I don't know what else to sayLauren
96%
I've been thinkin' about waysNormani
96%
That I wanna hold you close, just so you knowNormani
96%
I've been thinkin' about waysNormani
96%
That I wanna hold you closeNormani
96%

Score Distribution

Percentile by Number Answered

Percent of People with Each Score

Your Score History

You have not taken this quiz